000 00541nam a2200205Ia 4500
005 20260429112152.0
008 260429s9999||||xx |||||||||||||| ||und||
020 _a9789391520373
041 _aEnglish
082 _a609
_bKRI
100 _aKrishna Kumari
245 0 _aScience and technology in ancient period /
_cKrishna Kumari
250 _a1st ed.
260 _aDelhi :
_bPrashant Publishing House,
_c2025.
300 _avi, 264 p.; hb
650 _a Ancient period
650 _a Technology
650 _aScience
942 _cTB
999 _c52697
_d52697